Wiedza ogólna - Statystyki

Ogólne statystyki
  • Ten quiz został rozwiązany 561 razy
  • Średni wynik to 7 z 12
Statystyki odpowiedzi
Opis % Poprawnych
Słowo "sok" po angielsku juice
95%
państwo na literę "R" (Bez przedrostka "republika") Rosja | Rumunia | Rwanda
89%
Stolica szwecji Sztokholm
83%
Największy ocean na świecie Ocean Spokojny
82%
Teraz go używasz internet | komputer
78%
Najpopularnejszy youtuber w polsce (17.03.2020) Blowek
75%
W jakim kraju leży największe miasto pod względem powierzchni Chiny
55%
Ile "O" ma google na końcu strony w wyszukiwarce 10
50%
Zdobywca kryształowej kuli w sezonie 2019/2020 Stefan Kraft
36%
Miasto na granicy azjatycko-europejskiej Stambuł
31%
Miasto "Cottbus" po polsku Chociebuż
10%
Z jakiego miasta jest firma "Gino Rossi" (Polska) Słupsk
3%
Nie znaleziono quizów pasujących do podanych kryteriów
Rozkład punktacji
Procent ludzi z każdym wynikiem
Percentyl według liczby udzielonych odpowiedzi
Twoja historia wyników
Nie rozwiązałeś tego quizu